<?xml version="1.0" encoding="UTF-8"?>
<collection xmlns="http://www.loc.gov/MARC21/slim">
 <record>
  <leader>01212cam a2200289 i 4500</leader>
  <controlfield tag="001">1/52342</controlfield>
  <controlfield tag="008">760520s1976    xx           f00010 eng d</controlfield>
  <datafield tag="035" ind1=" " ind2=" ">
   <subfield code="a">(OCoLC)ocm02196875</subfield>
  </datafield>
  <datafield tag="035" ind1=" " ind2=" ">
   <subfield code="a">(GPO)78021876</subfield>
  </datafield>
  <datafield tag="040" ind1=" " ind2=" ">
   <subfield code="a">AWC</subfield>
   <subfield code="c">AWC</subfield>
   <subfield code="d">OCL</subfield>
   <subfield code="d">GPO</subfield>
   <subfield code="d">MvI-ran</subfield>
   <subfield code="d">MvI-ran</subfield>
   <subfield code="d">MvI</subfield>
  </datafield>
  <datafield tag="043" ind1=" " ind2=" ">
   <subfield code="a">cl-----</subfield>
  </datafield>
  <datafield tag="074" ind1=" " ind2=" ">
   <subfield code="a">877</subfield>
  </datafield>
  <datafield tag="082" ind1="0" ind2=" ">
   <subfield code="a">980 KIS</subfield>
  </datafield>
  <datafield tag="100" ind1="1" ind2=" ">
   <subfield code="a">Kissinger, Henry,</subfield>
   <subfield code="d">1923-</subfield>
  </datafield>
  <datafield tag="245" ind1="1" ind2="0">
   <subfield code="a">Major statements on Latin America /</subfield>
   <subfield code="c">by Secretary of State Henry A. Kissinger, made during his visits to Venezuela, Peru, February 1976, Brazil, Colombia, and Costa Rico.</subfield>
  </datafield>
  <datafield tag="260" ind1="0" ind2=" ">
   <subfield code="a">Washington :</subfield>
   <subfield code="b">Dept. of State, Bureau of Public Affairs, Office of Media Services,</subfield>
   <subfield code="c">1976.</subfield>
  </datafield>
  <datafield tag="300" ind1=" " ind2=" ">
   <subfield code="a">28 σ. ;</subfield>
   <subfield code="c">27 εκ.</subfield>
  </datafield>
  <datafield tag="440" ind1=" " ind2="0">
   <subfield code="a">Department of State publication.</subfield>
   <subfield code="p">Inter-American series ;</subfield>
   <subfield code="v">110</subfield>
  </datafield>
  <datafield tag="490" ind1="1" ind2=" ">
   <subfield code="a">Department of State publication ; 8848</subfield>
  </datafield>
  <datafield tag="500" ind1=" " ind2=" ">
   <subfield code="a">Released March 1976.</subfield>
  </datafield>
  <datafield tag="651" ind1=" " ind2="0">
   <subfield code="a">Latin America.</subfield>
  </datafield>
  <datafield tag="651" ind1=" " ind2="4">
   <subfield code="a">Λατινική Αμερική</subfield>
   <subfield code="x">Ιστορία.</subfield>
  </datafield>
  <datafield tag="710" ind1="1" ind2=" ">
   <subfield code="a">United States.</subfield>
   <subfield code="b">Department of State.</subfield>
   <subfield code="b">Office of Media Services.</subfield>
  </datafield>
  <datafield tag="830" ind1=" " ind2="0">
   <subfield code="a">Department of State publication ;</subfield>
   <subfield code="v">8848.</subfield>
  </datafield>
  <datafield tag="852" ind1=" " ind2=" ">
   <subfield code="a">INST</subfield>
   <subfield code="b">UNIPILB</subfield>
   <subfield code="c">MAIN</subfield>
   <subfield code="e">20210719</subfield>
   <subfield code="h">980 KIS</subfield>
   <subfield code="p">00183028</subfield>
   <subfield code="q">00183028</subfield>
   <subfield code="t">LOAN</subfield>
   <subfield code="y">0</subfield>
   <subfield code="4">1</subfield>
  </datafield>
  <datafield tag="960" ind1=" " ind2=" ">
   <subfield code="a">GEORGE</subfield>
  </datafield>
  <datafield tag="960" ind1=" " ind2=" ">
   <subfield code="a">ΜΑΡΙΑ ΒΕΛ</subfield>
  </datafield>
 </record>
</collection>
